[Event "Challenge"]
[Site "http://www.queenalice.com/game.php?id=911264"]
[Date "2011.3.10"]
[Round "-"]
[White "alexcesarfe"]
[Black "Popeye"]
[Result "0-1"]
[WhiteElo "1615"]
[BlackElo "1605"]

1. e4 e5 2. d3 Nf6 3. Bg5 Be7 4. Bxf6 Bxf6 5. Nc3 a6 6. Nf3 Nc6 7. Qd2 d6 8. Be2
Bg4 9. h3 Bxf3 10. Bxf3 Nd4 11. O-O-O Bg5 12. h4 Bxd2+ 13. Rxd2 Nxf3 14. gxf3 g5
15. hxg5 Qxg5 16. Nd5 O-O-O 17. c3 Qg2 18. Re1 Qxf3 19. b4 b5 20. Ne3 h5 21. Nf1
h4 22. Re3 Qh1 23. Rd1 Rdg8 24. Nd2 Rg1 25. Ree1 Rhg8 26. Nf3 Rxe1 27. Rxe1 Qxf3
28. Rf1 Qxd3 29. Rd1 Qxc3+ 30. Kb1 Qxb4+ 31. Kc1 Rg2 32. Rd2 Qc3+ 33. Rc2 Rg1#
0-1

[Event "Challenge"]
[Site "http://www.queenalice.com/game.php?id=916168"]
[Date "2011.3.22"]
[Round "-"]
[White "alexcesarfe"]
[Black "boxchov"]
[Result "1-0"]
[WhiteElo "1596"]
[BlackElo "1674"]

1. e4 e5 2. d3 Nf6 3. Bg5 Be7 4. Bxf6 Bxf6 5. Nf3 O-O 6. Nc3 Nc6 7. Be2 Nd4 8.
Nxd4 exd4 9. Nd5 Be5 10. h4 c6 11. Nb4 c5 12. Nd5 d6 13. h5 Qg5 14. h6 gxh6 15.
g3 h5 16. Rxh5 Qd8 17. Qd2 Be6 18. Qh6 Bg7 19. Qxh7# 1-0

[Event "Challenge"]
[Site "http://www.queenalice.com/game.php?id=925000"]
[Date "2011.4.12"]
[Round "-"]
[White "alexcesarfe"]
[Black "xadereza1"]
[Result "0-1"]
[WhiteElo "1548"]
[BlackElo "1694"]

1. e4 b6 2. d3 Bb7 3. c4 e6 4. Bf4 Nc6 5. a3 e5 6. Be3 h6 7. Nc3 Nd4 8. Bxd4
exd4 9. Nce2 c5 10. f3 a5 11. a4 Be7 12. Nf4 h5 13. h4 Bxh4+ 14. Kd2 Bg5 15. Ne2
Qf6 16. g3 h4 17. Kc2 Bxf4 18. Nxf4 g5 19. Nd5 Bxd5 20. exd5 hxg3 21. Qe2+ Kf8
22. Rxh8 Qxh8 23. Bg2 Re8 24. Qf1 Qe5 25. Kb3 Qe2 26. Qh1 Qxd3+ 27. Ka2 Qxc4+
28. Ka3 Re3+ 29. b3 Qxb3# 0-1

[Event "Challenge"]
[Site "http://www.queenalice.com/game.php?id=927198"]
[Date "2011.4.18"]
[Round "-"]
[White "alexcesarfe"]
[Black "pj"]
[Result "0-1"]
[WhiteElo "1599"]
[BlackElo "1363"]

1. e4 e5 2. f3 Nf6 3. d3 Nh5 4. g4 Nf4 5. Bxf4 exf4 6. Qd2 Qf6 7. Nc3 c6 8. Nge2
g5 9. O-O-O Na6 10. h4 Qh6 11. h5 b5 12. b3 b4 13. Na4 c5 14. Kb1 Bg7 15. Nc1
Qf6 16. Be2 Qa1# 0-1

[Event "Challenge"]
[Site "http://www.queenalice.com/game.php?id=927924"]
[Date "2011.4.19"]
[Round "-"]
[White "kleberrocha"]
[Black "alexcesarfe"]
[Result "1-0"]
[WhiteElo "1459"]
[BlackElo "1508"]

1. e4 e5 2. Qf3 f6 3. a3 g5 4. Nc3 c6 5. Be2 d6 6. h4 gxh4 7. Qh5+ Kd7 8. Bg4+
Ke7 9. Rxh4 Bxg4 10. Rxg4 Kd7 11. d3 Kc7 12. Na4 b5 13. Qf7+ Be7 14. Qg7 Nh6 15.
Bxh6 Nd7 16. Nc3 Nc5 17. b4 Ne6 18. Qf7 Qd7 19. a4 Raf8 20. Bxf8 Nxf8 21. axb5
Kb6 22. Ra6+ Kb7 23. bxc6+ Qxc6 24. Rxc6 Kxc6 25. Qxe7 Ng6 26. b5+ Kc5 27. Qxa7+
Kb4 28. Nge2 Rc8 29. Qa4+ Kc5 30. Qa7+ Kb4 31. Na2+ Kxb5 32. Qb7+ Ka5 33. Qxc8
Kb6 34. c4 Ka7 35. Nb4 Kb6 36. Nd5+ Ka7 37. Nxf6 1-0

[Event "Challenge"]
[Site "http://www.queenalice.com/game.php?id=931830"]
[Date "2011.4.29"]
[Round "-"]
[White "emoura"]
[Black "alexcesarfe"]
[Result "1-0"]
[WhiteElo "1727"]
[BlackElo "1490"]

1. Nf3 f6 2. g3 e5 3. Bg2 d6 4. e4 Nc6 5. d4 exd4 6. Nxd4 Nxd4 7. Qxd4 c5 8. Qc3
Be7 9. O-O Be6 10. b3 Qd7 11. Nd2 Bh3 12. Bxh3 Qxh3 13. b4 cxb4 14. Qxb4 b6 15.
Ba3 Nh6 16. Qb5+ Kf8 17. f3 g5 18. Qc6 Kg7 19. g4 Rhd8 20. Nc4 d5 21. Bxe7 Rac8
22. Qxf6+ Kg8 23. Qxg5+ Kh8 24. Bf6# 1-0

[Event "Challenge"]
[Site "http://www.queenalice.com/game.php?id=933440"]
[Date "2011.5.3"]
[Round "-"]
[White "alexcesarfe"]
[Black "jamba"]
[Result "1-0"]
[WhiteElo "1492"]
[BlackElo "1497"]

1. e4 c5 2. c4 d6 3. d3 Nc6 4. a3 g6 5. Nf3 Bg7 6. Ra2 Nf6 7. Bg5 Be6 8. Bxf6
Bxf6 9. Qb3 Qa5+ 10. Nbd2 Nd4 11. Qxb7 O-O 12. Nxd4 cxd4 13. b4 Qh5 14. Be2 Qg5
15. g3 Bc8 16. Qc6 Bh3 17. Nf3 Qc1+ 18. Bd1 Qc3+ 19. Ke2 Bg4 20. e5 dxe5 21. h3
Bxf3+ 22. Qxf3 a5 23. b5 Bg5 24. h4 Bc1 25. h5 Bxa3 26. hxg6 fxg6 27. Qg4 Rf6
28. Qh4 Raf8 29. Qxh7# 1-0

[Event "Challenge"]
[Site "http://www.queenalice.com/game.php?id=935818"]
[Date "2011.5.8"]
[Round "-"]
[White "alexcesarfe"]
[Black "emoura"]
[Result "0-1"]
[WhiteElo "1489"]
[BlackElo "1720"]

1. e4 Nf6 2. d3 e6 3. Bg5 Be7 4. Bxf6 Bxf6 5. c3 d5 6. exd5 exd5 7. h3 O-O 8.
Nd2 c5 9. Qc2 Bf5 10. Qb3 c4 11. Qxb7 Re8+ 12. Kd1 Nd7 13. Qxd5 Be6 14. Qe4 Qe7
15. dxc4 Nc5 16. Qf4 Qd7 17. g4 h6 18. Nf3 Qa4+ 19. b3 Qa3 20. Kc2 Bxc3 21. Kxc3
Na4+ 22. Kd3 Qb2 23. Bg2 Qc3+ 24. Ke2 Bxc4+ 25. Kd1 Nb2# 0-1

[Event "Challenge"]
[Site "http://www.queenalice.com/game.php?id=945261"]
[Date "2011.6.2"]
[Round "-"]
[White "alexcesarfe"]
[Black "Kapoueee"]
[Result "0-1"]
[WhiteElo "1467"]
[BlackElo "1386"]

1. e4 e5 2. Nf3 Nc6 3. Bb5 Nf6 4. Bxc6 bxc6 5. Nxe5 Bd6 6. Nf3 Nxe4 7. d3 Nf6 8.
Bg5 O-O 9. Bxf6 Qxf6 10. h4 Re8+ 11. Kf1 Ba6 12. Nc3 c5 13. Rb1 c6 14. Ne4 Qe7
15. Nxd6 Qxd6 16. Qd2 c4 17. Qc3 cxd3 18. cxd3 Bxd3+ 19. Kg1 Bxb1 20. g3 Bxa2
21. Ng5 Qe7 22. Kh2 h6 0-1

[Event "Challenge"]
[Site "http://www.queenalice.com/game.php?id=946731"]
[Date "2011.6.6"]
[Round "-"]
[White "kleberrocha"]
[Black "alexcesarfe"]
[Result "1-0"]
[WhiteElo "1427"]
[BlackElo "1461"]

1. b4 b5 2. e3 e5 3. Ba3 f6 4. Bxb5 c6 5. Bd3 Ba6 6. c4 Be7 7. Nf3 d5 8. Qe2 e4
9. Nd4 exd3 10. Qxd3 Bxc4 11. Qf5 g6 12. Qe6 a5 13. Nxc6 Nxc6 14. Qxc6+ Kf7 15.
e4 axb4 16. Bb2 dxe4 17. Qxc4+ Kg7 18. O-O Rc8 19. Qxe4 Nh6 20. a3 bxa3 21. Bxa3
Bxa3 22. Rxa3 Re8 23. Ra7+ Kg8 24. Qh4 Nf5 25. Qxh7+ 1-0

[Event "Challenge"]
[Site "http://www.queenalice.com/game.php?id=946880"]
[Date "2011.6.7"]
[Round "-"]
[White "alexcesarfe"]
[Black "johnny"]
[Result "0-1"]
[WhiteElo "1482"]
[BlackElo "1509"]

1. e4 e5 2. Nf3 Nc6 3. Bb5 d6 4. Bxc6+ bxc6 5. h3 Nf6 6. d3 c5 7. Bg5 Be7 8.
Bxf6 Bxf6 9. O-O O-O 10. Nc3 c6 11. a4 a5 12. Ra3 Rb8 13. Qd2 h6 14. Qc1 Ba6 15.
b3 Re8 0-1

[Event "Challenge"]
[Site "http://www.queenalice.com/game.php?id=951866"]
[Date "2011.6.20"]
[Round "-"]
[White "emoura"]
[Black "alexcesarfe"]
[Result "1-0"]
[WhiteElo "1745"]
[BlackElo "1440"]

1. Nf3 d6 2. g3 e5 3. Bg2 Bg4 4. O-O Bxf3 5. Bxf3 h5 6. Bxb7 Nd7 7. Bxa8 Qxa8 8.
d3 h4 9. e4 h3 10. Nd2 f5 11. Re1 fxe4 12. dxe4 Ngf6 13. c4 Nc5 14. b4 Nd3 15.
Re3 Nxb4 16. Qa4+ Nc6 17. Nb3 Kf7 18. f3 g5 19. Bb2 g4 20. Rf1 gxf3 21. c5 dxc5
22. Rexf3 Nb4 23. Rxf6+ Ke7 24. Nxc5 Qc8 25. Re6+ Kd8 26. Qe8# 1-0